000
00278nam a22001097a 4500
008
230619b xxu||||| |||| 00| 0 eng d
082
_a
300.
_b
HUN
245
_a
East African Background
260
_a
London
_b
Longmans, Green and Co Ltd
_c
1945
300
_a
VII,124p
942
_2
ddc
_c
BK
999
_c
1322
_d
1322